Click the "Weird Al" Yankovic Song Title Ending - Statistics

General Stats
  • This quiz has been taken 78 times
  • The average score is 20 of 24
Answer Stats
Hint Answer % Correct
Another One Rides The Bus
98%
Why Does This Always Happen To Me?
98%
Eat It
95%
Couch Potato
95%
Don't Download This Song
95%
Amish Paradise
94%
Like a Surgeon
92%
The Saga Begins
91%
Smells Like Nirvana
91%
Pretty Fly For A Rabbi
91%
Party In The CIA
89%
White & Nerdy
86%
Your Horoscope for Today
84%
Trapped In The Drive-Thru
81%
Dare to Be Stupid
81%
Canadian Idiot
78%
Word Crimes
77%
I Think I'm A Clone Now
77%
My Bologna
75%
Perform This Way
75%
Genius In France
72%
Living with a Hernia
70%
The Rye or The Kaiser
70%
Ode to a Superhero
67%
No matching quizzes found
Score Distribution
Percent of People with Each Score
Percentile by Number Answered
Your Score History
You have not taken this quiz